মজার গণিত ও গণিত অলিম্পিয়াড / (Record no. 11161)
[ view plain ]
| 000 -LEADER | |
|---|---|
| fixed length control field | 01146nam a2200253 a 4500 |
| 001 - CONTROL NUMBER | |
| JCCL Control Number | 11161 |
| 003 - CONTROL NUMBER IDENTIFIER | |
| JCCL marc code | BD-JhCC |
| 005 - DATE AND TIME OF LATEST TRANSACTION | |
| control field | 20190806180306.0 |
| 008 - FIXED-LENGTH DATA ELEMENTS--GENERAL INFORMATION | |
| fixed length control field | 190604b20082016bg a|||| ||a| 000 0 ben d |
| 020 ## - INTERNATIONAL STANDARD BOOK NUMBER | |
| International Standard Book Number | 9846371551 |
| 035 ## - SYSTEM CONTROL NUMBER | |
| system control number | (BD-JhCC)11161 |
| 040 ## - CATALOGING SOURCE | |
| Original cataloging agency | BD-JhCC |
| Modifying agency | BD-JhCC |
| 041 ## - LANGUAGE CODE | |
| Language code of Book | ben |
| 082 ## - DEWEY DECIMAL CLASSIFICATION NUMBER | |
| Classification number | 510.76 |
| Author mark and Year | MOJ 2016 |
| 245 ## - TITLE STATEMENT | |
| Title | মজার গণিত ও গণিত অলিম্পিয়াড / |
| Statement of responsibility, etc | সম্পাদনা: প্রফেসর এন সি বসাক, কাউছার হাবিব ভূঁইয়া, শাহরিতাজ সরকার । |
| 260 ## - PUBLICATION, DISTRIBUTION, ETC. (IMPRINT) | |
| Place of publication, distribution, etc | ঢাকা: |
| Name of publisher, distributor, etc | বিজ্ঞান একাডেমী; |
| Date of publication, distribution, etc | ২০১৬. |
| 300 ## - PHYSICAL DESCRIPTION | |
| Pagination | ৮৭ পৃঃ . : ভিন্ন পৃঃ( i-viii)৯-১২, a-d,(১-৮),(2013 a-d),(2014 a-d),(2015 a-d). : |
| Other physical details | ill; |
| Dimensions | ২৬ সেমি. |
| 650 ## - SUBJECT ADDED ENTRY--TOPICAL TERM | |
| Topical term or geographic name as entry element | mathematics |
| 650 ## - SUBJECT ADDED ENTRY--TOPICAL TERM | |
| Topical term or geographic name as entry element | International Math Olympiad |
| 700 ## - ADDED ENTRY--PERSONAL NAME | |
| Personal name | বসাক, প্রফেসর এন সি |
| 700 ## - ADDED ENTRY--PERSONAL NAME | |
| Personal name | ভূঁইয়া, কাউছার হাবিব |
| 700 ## - ADDED ENTRY--PERSONAL NAME | |
| Personal name | সরকার, শাহরিতাজ |
| 942 ## - ADDED ENTRY ELEMENTS (KOHA) | |
| Source of classification or shelving scheme | Dewey Decimal Classification |
| Koha item type | Books |
| Source of classification or shelving scheme | volume number | Damaged status | Not for loan | Home library | Current library | Shelving location | Cost, normal purchase price | Total Checkouts | Full call number | Barcode | Date last seen | Copy number | Koha item type | Date of accession | Date checked out | Checked out |
|---|---|---|---|---|---|---|---|---|---|---|---|---|---|---|---|---|
| Dewey Decimal Classification | V-1 | JCC Rouf Library | JCC Rouf Library | General Stacks | 140.00 | 510.76 MOJ 2016 | 15194 | 08/04/2019 | C-1 | Books | ||||||
| Dewey Decimal Classification | V-2 | JCC Rouf Library | JCC Rouf Library | General Stacks | 140.00 | 510.76 MOJ 2016 | 15195 | 08/04/2019 | C-1 | Books | ||||||
| Dewey Decimal Classification | V-3 | JCC Rouf Library | JCC Rouf Library | General Stacks | 112.00 | 510.76 MOJ 2016 | 15196 | 08/04/2019 | C-1 | Books | ||||||
| Dewey Decimal Classification | V-4 | JCC Rouf Library | JCC Rouf Library | General Stacks | 112.00 | 510.76 MOJ 2016 | 15197 | 08/04/2019 | C-1 | Books | ||||||
| Dewey Decimal Classification | V-5 | JCC Rouf Library | JCC Rouf Library | General Stacks | 140.00 | 510.76 MOJ 2016 | 15198 | 08/04/2019 | C-1 | Books | ||||||
| Dewey Decimal Classification | V-6 | JCC Rouf Library | JCC Rouf Library | General Stacks | 112.00 | 510.76 MOJ 2016 | 15199 | 08/04/2019 | C-1 | Books | ||||||
| Dewey Decimal Classification | V-7 | JCC Rouf Library | JCC Rouf Library | General Stacks | 175.00 | 1 | 510.76 MOJ 2016 | 15200 | 11/28/2023 | C-1 | Books | 11/27/2023 | 11/27/2023 | |||
| Dewey Decimal Classification | V-1 | JCC Rouf Library | JCC Rouf Library | General Stacks | 140.00 | 510.76 MOJ 2016 | 15334 | 08/06/2019 | C-2 | Books | 06/06/2019 | |||||
| Dewey Decimal Classification | V-2 | JCC Rouf Library | JCC Rouf Library | General Stacks | 140.00 | 510.76 MOJ 2016 | 15335 | 08/06/2019 | C-2 | Books | 06/06/2019 | |||||
| Dewey Decimal Classification | V-3 | JCC Rouf Library | JCC Rouf Library | General Stacks | 112.00 | 510.76 MOJ 2016 | 15336 | 08/06/2019 | C-2 | Books | 06/06/2019 | |||||
| Dewey Decimal Classification | V-4 | JCC Rouf Library | JCC Rouf Library | General Stacks | 112.00 | 510.76 MOJ 2016 | 15337 | 08/06/2019 | C-2 | Books | 06/06/2019 | |||||
| Dewey Decimal Classification | V-5 | JCC Rouf Library | JCC Rouf Library | General Stacks | 140.00 | 510.76 MOJ 2016 | 15338 | 08/06/2019 | C-2 | Books | 06/06/2019 | |||||
| Dewey Decimal Classification | V-6 | JCC Rouf Library | JCC Rouf Library | General Stacks | 112.00 | 2 | 510.76 MOJ 2016 | 15339 | 10/15/2025 | C-2 | Books | 06/06/2019 | 10/08/2025 | |||
| Dewey Decimal Classification | V-7 | JCC Rouf Library | JCC Rouf Library | General Stacks | 175.00 | 1 | 510.76 MOJ 2016 | 15340 | 02/05/2026 | C-2 | Books | 06/06/2019 | 02/05/2026 | 03/03/2026 |